Guess the Taylor Swift Song with No Hints - 4 - Statistics

General Stats
  • This quiz has been taken 50 times
  • The average score is 171 of 304
Answer Stats
Answer % Correct
I
98%
"I
98%
(I
98%
the
98%
a
96%
you
96%
you"
96%
You
96%
you)
96%
and
89%
And
89%
To
89%
to
89%
(To
89%
(to
89%
In
87%
in
87%
love
87%
My
87%
my
87%
me,
85%
me
85%
be
83%
when
83%
your
80%
is
78%
Where
78%
But
76%
by
76%
like
76%
of
76%
that
76%
there
76%
too
74%
They
67%
I'm
65%
up
65%
we're
65%
would
65%
are
63%
Just
63%
just
63%
know)
63%
want
61%
see
57%
every
54%
heart
54%
I'll
54%
Oh,
52%
their
50%
There's
50%
tree
50%
Christmas
48%
farm
48%
come
46%
eyes
46%
from
46%
light
46%
back
43%
out
43%
Baby,
41%
baby,
41%
close
41%
nights
41%
people
41%
everything
39%
they're
39%
dreams
37%
under
37%
Under
37%
blue
35%
alone
33%
dance
33%
feeling
33%
home
33%
lights
33%
yeah
33%
being
30%
little
30%
mistletoe
30%
Takes
30%
telling
30%
arms
28%
holiday
28%
magic
28%
Merry
28%
somewhere
28%
true
28%
wanna
28%
We'd
28%
winter
28%
wish
28%
comes
26%
else
26%
isn't
26%
remind
26%
run
26%
shopping
26%
static
26%
Stress
26%
taken
26%
tonight
26%
traffic
26%
world
26%
cold
24%
fire
24%
snow
24%
town,
24%
holly
22%
icy
22%
kids
22%
sparkling
22%
Sweet
22%
barn
20%
flow
20%
forgiven
20%
glow
20%
ribbon
20%
warm
20%
Watching
20%
blanket
17%
Bundled
17%
cider
17%
coats
17%
dreaming
17%
inside
17%
Mistakes
17%
mittens
17%
pretend
17%
(darling)
15%
fair
15%
safe
15%
sleighs
15%
wake
15%
No matching quizzes found
Score Distribution
Percent of People with Each Score
Percentile by Number Answered
Your Score History
You have not taken this quiz